Normale Ansicht MARC-Ansicht ISBD

Stauffenberg : (Titelsatznr. 36339)

[ MARC ]
MARC-Details
000 -Satzkennung
Kontrollfeld mit fester Länge 00542nam a22002051c 4500
001 - Kontrollnummer
Kontrollfeld a987672969
008 - Feld mit fester Länge zur physischen Beschreibung - Allgemeine Angaben
Kontrollfeld mit fester Länge 140814s2004 gw a||| 000u ger d
020 ## - Internationale Standardbuchnummer
Internationale Standardbuchnummer 3100860039
Verknüpfung 3-10-086003-9
041 ## - Sprachcode
Sprachcode des Textes/der Tonspur oder des separaten Titels ger
040 ## - Katalogisierungsquelle
Übertragungsstelle RU-10907106
003 - Kontrollnummer Identifier
Kontrollfeld RU-10907106
100 1# - Haupteintragung - Personenname
Personenname Ueberschär, Gerd R.
245 00 - Titel
Titel Stauffenberg :
Zusatz zum Titel der 20. Juli 1944
250 ## - Ausgabebezeichnung
Ausgabebezeichnung 2. Aufl.
264 ## - Produktion, Veröffentlichung, Distribution, Herstellung und Urheberrechtsvermerk
Herstellungs-, Veröffentlichungs- Vertriebs-, Erzeugungsort Frankfurt am Main :
Produzent, Herausgeber, Distributor, Hersteller Fischer,
Datum der Herstellung, der Veröffentlichung, des Vertriebs oder des Urheberschutzvermerks 2004
300 ## - Physische Beschreibung
Umfang 270 S.: Ill., Kt.
600 #0 - Nebeneintragung unter einem Schlagwort - Personenname
Personenname Schenk von Stauffenberg, Claus
650 #0 - Nebeneintragung unter einem Schlagwort - Sachschlagwort
Sachschlagwort oder geografischer Name als Eintragungselement Zwanzigster Juli
942 ## - Zusätzliche Felder (Koha)
Koha-Medientyp Monographien
Exemplare
Ausgeschieden Verloren Klassifikation oder Aufstellungssystematik Beschädigt Nicht entleihbar Heimatbibliothek Aufenthaltsbibliothek Aufstellungsort Erwerbungsdatum Inventarnummer Signatur Barcode Letzte Aktivität Preis gültig von Koha-Medientyp
    Andere/Generische Klassifikation     MWN Osteuropa MWN Osteuropa Lesesaal - 1 14/08/2014 14-01474 D 52 el Ueb 2 E0040150790BB869 23/02/2021 22/03/2021 Monographien